1445 1255 1583 1193 1117 1178 1066 1084 1229 1771 1252 1229 1708 1340 1585 1928 1073 1309 1057 1098 1005 1723 1338 1656 1268 1481 1404 1271 1311 1871 1144 1927 1981 1874 1738 1213 1249 1815 1744 1154 1896 1532 1345 1412 1415 1553 1080 1777 1716 1097 1623 1197 1246 1459 1482 1001 1248 1678 1336 1249 1372 1310 1282 1512 1738 1452 1921 1232 1662 1157 1304 1523 1692 1144 1290 1779 1195 1115 1175 1476 1237 1274 1578 1325 1197 1384 1641 1053 1107 1359 1592 1060 1226 1266 1803 1315 1670 1198 1095 BCNSPRNW ULIB Ver.6.0+V

เปลี่ยนเป็นภาษาไทย

Change to English
 แสดงรายละเอียดบรรณานุกรม
  กลับหน้าหลัก

Brief Record : Get Marc (ISO 2709) : E-mail record : QR code < ปิดหน้าต่าง
LEADER : 00000nam 2200000uu 4500
001    13399126444
003     ULIB
008    180916s2561||||th 000 0 tha d
020    ^a9786164553576
050    ^aBH^bด235บ
100    ^aดวงสุรีย์ อยู่ในวงค์
245    ^aบำบัดโรคภูมิแพ้ด้วย YOGA
250    ^aพิมพ์ครั้งที่ 1
260    ^aกรุงเทพฯ :^bณัฎฐา พืชผล,^c2561
300    ^a216 หน้า;^b19 ซม.
650    ^aสุขภาพ
650    ^aโยคะ
945    ^p245^l0^i26646
999    ^aกัณชพร จุลอักษร
รายการนี้ยังไม่มีแท็ก
คุณยังไม่ได้ล็อกอิน คุณสามารถมีกิจกรรมร่วมกับเว็บไซต์ได้ แต่ต้องล็อกอินก่อน ::
  ล็อกอิน

รายการสื่อสารสนเทศ

ลำดับที่ ประเภท เลขเรียก/บาร์โค้ด สถานที่ สถานะ
1. วิทยาศาสตร์การแพทย์ และสุขภาพ
วิทยาศาสตร์การแพทย์ และสุขภาพ
BH ด235บ ฉ.1 
  Barcode: 26646
ห้องสมุดวิทยาเขตนครสวรรค์
►หนังสือทั่วไป:l:General Books
บนชั้น

รายการใกล้เคียง
    ชื่อเรื่อง [บำบัดโรคภูมิแพ้ด้วย YOGA]

    ผู้แต่ง [ดวงสุรีย์ อยู่ในวงค์]

    หัวเรื่อง [สุขภาพ]
    หัวเรื่อง [โยคะ]

BibComment


ยังไม่เคยถูกคอมเมนท์

คอมเมนท์ทรัพยากรรายการนี้
  คอมเมนท์: บำบัดโรคภูมิแพ้ด..


 Copyright 2026. Bcnsprnw @Library